000 00356nam a2200169Ia 4500
003 IT-RoPAU
008 120407s9999 xx 000 0 und d
040 _aIT-RoPAU
040 _cIT-RoPAU
100 _aDanilo Zanella
245 _aChiamati perché creati
250 _aTorino
260 _aElle Di Ci
300 _c cm
490 _v1
942 _cBK
999 _c5762
_d5762